ბათუმის შოთა რუსთაველის სახელმწიფო უნივერსიტეტის ბიბლიოთეკა

ფრანგული ენის ახალი გრამატიკა (ბიბ.ჩანაწერი № 42510)

000 -LEADER
fixed length control field 00834nam a2200229Ia 4500
001 - CONTROL NUMBER
control field 9207
003 - CONTROL NUMBER IDENTIFIER
control field GE_BSU
008 - FIXED-LENGTH DATA ELEMENTS--GENERAL INFORMATION
fixed length control field 181216s||||||||xx |||||||||||||| ||und||
020 ## - INTERNATIONAL STANDARD BOOK NUMBER
International Standard Book Number 9789941910357
040 ## - CATALOGING SOURCE
Transcribing agency GE_BSU
080 ## - UNIVERSAL DECIMAL CLASSIFICATION NUMBER
Universal Decimal Classification number 811.133.1
100 ## - MAIN ENTRY--PERSONAL NAME
Personal name დიუბუა,ჟან., ლაგანი, რენე
245 ## - TITLE STATEMENT
Title ფრანგული ენის ახალი გრამატიკა
245 ## - TITLE STATEMENT
Statement of responsibility, etc. თარგმნეს:ნაილი სვანიძემ;და მარინა ბალავაძემ
260 ## - PUBLICATION, DISTRIBUTION, ETC.
Place of publication, distribution, etc. თბილისი.
260 ## - PUBLICATION, DISTRIBUTION, ETC.
Name of publisher, distributor, etc. აგორა
260 ## - PUBLICATION, DISTRIBUTION, ETC.
Date of publication, distribution, etc. 2008
300 ## - PHYSICAL DESCRIPTION
Extent 308გვ;20სმ.
653 ## - INDEX TERM--UNCONTROLLED
Uncontrolled term ფრანგული ენა
653 ## - INDEX TERM--UNCONTROLLED
Uncontrolled term ფრანგული ენის ახალი გრამატიკა
942 ## - ADDED ENTRY ELEMENTS (KOHA)
Koha item type წიგნი
ეგზემპლარები
Withdrawn status Lost status Damaged status Not for loan Date acquired Barcode Date last seen Price effective from Koha item type
        2018-12-17 32025 2018-12-17 2018-12-17 წიგნი
        2018-12-17 45663 2018-12-17 2018-12-17 წიგნი